000 00824nam a2200253Ia 4500
003 OSt
005 20220930063802.0
006 a|||||r|||| 00| 0
007 ta
008 220926b |||||||| |||| 00| 0 eng d
024 _a3298
037 _cTheses
040 _aCRL
_cCRL
_beng
041 _2eng
_aeng
100 _aChawla Ritu
_9523508
110 _aUniversity of Delhi. Faculty of Medical Science. Department of Paediatrics
_9520662
245 0 _aEffect of maternal toxemia on neonatal serium calcium levels
260 _c1988
650 _aCHILDREN - DISEASES
700 _a Dr Sudarshan Kumar Supervisor
_9523509
700 _aUniversity of Delhi. Faculty of Medical Science. Department of Paediatrics
_9520664
942 _cDIS
_2CC
999 _c857299
_d857299